000 00473nam a2200157 i 4500
001 75530
003 ES-MaACL
005 20230906172508.0
007 t|
008 040924s1909 fr ||||1| fre d
100 1 _aGrandclement, L. Colonel.
_959582
245 1 3 _aLa petite proprieté rurale individuelle
_b: la propieté par l'Epargue /
_cL. Colonel Grandclement.
260 _aParis :
_bS. Mercadier,
_c1909.
300 _a228 p. ;
_c19 cm.
852 _aES-MaACL
_jF-10732
999 _c75530
_d75530